000 00897cam a22002774a 4500
001 14184715
003 cuc123
005 20260223152902.0
008 051130s2006 nyua b 001 0 eng
010 _a 2005058014
020 _a0273681559
040 _aDLC
_cDLC
_dDLC
042 _apcc
050 0 0 _aHF5657.4
_b.P763 2006
082 0 0 _a658.15/11
_222
100 1 _aProctor, Ray.
245 1 0 _aManagerial accounting for business decisions /
_cRay Proctor.
250 _a2nd ed.
260 _aNew York :
_bPrentice Hall/Financial Times,
_c2006.
300 _axix, 546 p. :
_bill. ;
_c25 cm.
504 _aIncludes bibliographical references and index.
650 0 _aManagerial accounting.
906 _a7
_bcbc
_corignew
_d1
_eocip
_f20
_gy-gencatlg
942 _2lcc
_cBK
_n0
999 _c8815
_d8815